| 000 -LEADER |
| fixed length control field |
01234 a2200241 4500 |
| 003 - CONTROL NUMBER IDENTIFIER |
| control field |
Nust |
| 005 - DATE AND TIME OF LATEST TRANSACTION |
| control field |
20230904090523.0 |
| 010 ## - LIBRARY OF CONGRESS CONTROL NUMBER |
| LC control number |
2004044058 |
| 020 ## - INTERNATIONAL STANDARD BOOK NUMBER |
| Terms of availability |
0471484032 (cloth) |
| 040 ## - CATALOGING SOURCE |
| Transcribing agency |
Nust |
| 082 00 - DEWEY DECIMAL CLASSIFICATION NUMBER |
| Classification number |
621.395,TRU |
| 100 1# - MAIN ENTRY--PERSONAL NAME |
| Personal name |
Truemper, K., |
| 9 (RLIN) |
99192 |
| 245 10 - TITLE STATEMENT |
| Title |
Design of logic-based intelligent systems / |
| Statement of responsibility, etc. |
Klaus Truemper. |
| 260 ## - PUBLICATION, DISTRIBUTION, ETC. |
| Place of publication, distribution, etc. |
Hoboken, NJ : |
| Name of publisher, distributor, etc. |
John Wiley, |
| Date of publication, distribution, etc. |
2004. |
| 300 ## - PHYSICAL DESCRIPTION |
| Extent |
xii, 352 p. ; |
| Dimensions |
24 cm. |
| 505 ## - FORMATTED CONTENTS NOTE |
| Formatted contents note |
Introduction (Page-1), Logic Problems (Page-9), Variations of SAT And MINSAT (Page-34), Quantified SAT and MINSAT (Page-55), Formulation of Logic Sys (Page-95), Uncertainty (Page-132), Learning (Page-155), Learning Formulas (Page-157), Accuracy of Learned Formulas (Page-197), Advanced Reasoning (Page-233), Question and Answer Process (Page-256), Applications (Page-299). |
| 650 #0 - SUBJECT ADDED ENTRY--TOPICAL TERM |
| Topical term or geographic name entry element |
Telecommunication Engineering |
| 650 #0 - SUBJECT ADDED ENTRY--TOPICAL TERM |
| Topical term or geographic name entry element |
Telecommunication Engineering |
| 9 (RLIN) |
99193 |
| 856 41 - ELECTRONIC LOCATION AND ACCESS |
| Materials specified |
Contributor biographical information |
| Uniform Resource Identifier |
<a href="http://www.loc.gov/catdir/bios/wiley047/2004044058.html">http://www.loc.gov/catdir/bios/wiley047/2004044058.html</a> |
| 856 41 - ELECTRONIC LOCATION AND ACCESS |
| Materials specified |
Publisher description |
| Uniform Resource Identifier |
<a href="http://www.loc.gov/catdir/description/wiley041/2004044058.html">http://www.loc.gov/catdir/description/wiley041/2004044058.html</a> |
| 856 41 - ELECTRONIC LOCATION AND ACCESS |
| Materials specified |
Table of contents |
| Uniform Resource Identifier |
<a href="http://www.loc.gov/catdir/toc/wiley041/2004044058.html">http://www.loc.gov/catdir/toc/wiley041/2004044058.html</a> |
| 942 ## - ADDED ENTRY ELEMENTS (KOHA) |
| Koha item type |
Reference |
| Source of classification or shelving scheme |
|